| 000 | 01061nam a2200289 a 4500 | ||
|---|---|---|---|
| 001 | 000115851 | ||
| 003 | CHAP | ||
| 005 | 20220329144551.0 | ||
| 008 | 190715s2019 mx a |sm |||||||spa d | ||
| 010 | _a112312 | ||
| 011 | _a113284 | ||
| 040 | _cCHAP | ||
| 090 | _aTesis | ||
| 100 | 1 |
_aCastillo Chávez, Francisco Uriel. _9136494 |
|
| 245 | 1 | 0 |
_aImpacto ambiental ocasionado por un proyecto eléctrico en la región entral de Chihuahua _h[En línea] _cpor Francisco Uriel Castillo Chávez. |
| 260 |
_aChapingo, Méx. : _bEl autor, _c2019. |
||
| 500 | _aPara ver el contenido del material haga clic en la liga | ||
| 502 | _aTesis (Ingeniero en Recursos Naturales Renovables) -- UACH. Departamento de Suelos | ||
| 590 |
_aE6337LMJ _b05 _c20190715 _lUCH01 _h1514 |
||
| 590 |
_aE6337LMJ _b05 _c20190715 _lUCH01 _h1515 |
||
| 650 | 1 | 4 |
_aImpacto ambiental _xAnálisis. _9125179 |
| 650 | 1 | 4 |
_aImpacto ambiental _xEvaluación. _9131414 |
| 856 |
_aFinding aid _uhttp://10.13.5.2/tesis/sist115851.pdf _zTeclea aquí |
||
| 901 | _aBK | ||
| 942 | _cTESIS | ||
| 942 | _n0 | ||
| 999 |
_c112312 _d112312 |
||